Our Scientists / (Record no. 5855)

MARC details
000 -LEADER
fixed length control field 00536nam a22001937a 4500
003 - CONTROL NUMBER IDENTIFIER
control field GBCCL
005 - DATE AND TIME OF LATEST TRANSACTION
control field 20241126110551.0
008 - FIXED-LENGTH DATA ELEMENTS--GENERAL INFORMATION
fixed length control field 180411b ||||| |||| 00| 0 eng d
020 ## - INTERNATIONAL STANDARD BOOK NUMBER
International Standard Book Number 8170113180
040 ## - CATALOGING SOURCE
Transcribing agency gbc
082 ## - DEWEY DECIMAL CLASSIFICATION NUMBER
Classification number 508.092
Item number SAL
100 ## - MAIN ENTRY--PERSONAL NAME
Personal name Salwi, Dalip M.
9 (RLIN) 10600
245 ## - TITLE STATEMENT
Title Our Scientists /
Statement of responsibility, etc. Dalip M. Salwi
250 ## - EDITION STATEMENT
Edition statement Reprinted
260 ## - PUBLICATION, DISTRIBUTION, ETC.
Place of publication, distribution, etc. New Delhi:
Name of publisher, distributor, etc. Children's Book Trust,
Date of publication, distribution, etc. 1989
300 ## - PHYSICAL DESCRIPTION
Extent 139 p.;
Other physical details ill.;
Dimensions 21 cm.
650 ## - SUBJECT ADDED ENTRY--TOPICAL TERM
Topical term or geographic name entry element Scientists
Geographic subdivision India
Form subdivision Biography
General subdivision Juvenile literature
9 (RLIN) 10601
942 ## - ADDED ENTRY ELEMENTS (KOHA)
Source of classification or shelving scheme Dewey Decimal Classification
Koha item type Books
Holdings
Withdrawn status Lost status Source of classification or shelving scheme Damaged status Not for loan Home library Current Library Shelving location Date acquired Total checkouts Full call number Barcode Date last seen Copy number Price effective from Koha item type
    Dewey Decimal Classification     GRACE BIBLE COLLEGE GRACE BIBLE COLLEGE General Studies 2018-04-11   508.092 SAL 004273 2025-05-01 c.1 2018-04-11 Books
© Grace Bible College Library 2025